[Event "Olimpiada Calviá 2004"]
[Site "Calviá ESP"]
[Date "2004.10.25"]
[Round "10.50"]
[White "El-Zayat, Ahmed"]
[Black "Gajadin, Dewperkash"]
[Result "1/2-1/2"]
[WhiteElo "1958"]
[BlackElo "2207"]
[PlyCount "69"]
[EventDate "2004.10.15"]
[EventType "team"]
[EventRounds "14"]
[EventCountry "ESP"]
[Source "lmi"]
[SourceDate "2004.10.27"]

1. d4 Nf6 2. Nf3 d5 3. Bf4 e6 4. e3 Bd6 5. Bg3 Ne4 6. Bd3 Nxg3 7. hxg3 h6 8.
Nbd2 Nd7 9. c3 e5 10. dxe5 Nxe5 11. Nxe5 Bxe5 12. f4 Bd6 13. Qf3 c6 14. e4 dxe4
15. Nxe4 Be7 16. O-O-O Qa5 17. Rhe1 O-O 18. Bb1 Be6 19. Nf2 Bf6 20. Qd3 Rfd8
21. Qc2 Rxd1+ 22. Nxd1 Rd8 23. Ne3 g6 24. a3 Bf5 25. Nxf5 Qxf5 26. Qxf5 gxf5
27. Bxf5 Kg7 28. Kc2 Rd5 29. Be4 Rd6 30. Bf3 Kf8 31. Re4 Bd8 32. f5 Bg5 33. Rd4
Ke7 34. Rxd6 Kxd6 35. a4 1/2-1/2

[Event "Olimpiada Calviá 2004"]
[Site "Calviá ESP"]
[Date "2004.10.25"]
[Round "10.50"]
[White "Asabri, Hussien"]
[Black "Lo Kim Lin, Frank"]
[Result "1-0"]
[WhiteElo "2286"]
[BlackElo "2200"]
[PlyCount "71"]
[EventDate "2004.10.15"]
[EventType "team"]
[EventRounds "14"]
[EventCountry "ESP"]
[Source "lmi"]
[SourceDate "2004.10.27"]

1. d4 Nf6 2. Nf3 g6 3. g3 Bg7 4. c4 d6 5. Bg2 O-O 6. O-O Nbd7 7. Nc3 c6 8. e4
e5 9. b3 Qb6 10. Re1 Re8 11. d5 cxd5 12. cxd5 Nc5 13. Rb1 a5 14. Bf1 Bd7 15.
Nd2 Rac8 16. Nc4 Qc7 17. a4 Rf8 18. Bd2 Ne8 19. b4 axb4 20. Rxb4 f5 21. exf5
Bxf5 22. Be3 Rb8 23. Nb5 Qd8 24. Nbxd6 Na6 25. Nxb7 Qe7 26. Rb6 Rxb7 27. d6
Nxd6 28. Qxd6 Qxd6 29. Nxd6 Rxb6 30. Bc4+ Kh8 31. Bxb6 Rb8 32. a5 Nb4 33. Nf7+
Kg8 34. Nxe5+ Kh8 35. Nf7+ Kg8 36. Nd8+ 1-0

[Event "Olimpiada Calviá 2004"]
[Site "Calviá ESP"]
[Date "2004.10.25"]
[Round "10.51"]
[White "Hawes, Jonathan"]
[Black "Ermenkov, Evgenij"]
[Result "0-1"]
[WhiteElo "2151"]
[BlackElo "2454"]
[PlyCount "64"]
[EventDate "2004.10.15"]
[EventType "team"]
[EventRounds "14"]
[EventCountry "ESP"]
[Source "lmi"]
[SourceDate "2004.10.27"]

1. e4 c5 2. Nc3 Nc6 3. f4 g6 4. Nf3 Bg7 5. Bb5 Nd4 6. a4 b6 7. O-O Bb7 8. d3 e6
9. Re1 Ne7 10. Nxd4 cxd4 11. Ne2 a6 12. Bc4 d5 13. exd5 Nxd5 14. Ng3 O-O 15.
Rb1 Qc7 16. Rf1 Qc6 17. Bxd5 Qxd5 18. Rf2 Qa2 19. Bd2 Qxa4 20. c4 Qc6 21. Ne4
Rfe8 22. b3 h6 23. Qf1 f5 24. Ng3 h5 25. h3 Bf6 26. Ne2 Rad8 27. Kh2 Bh4 28. g3
Bf6 29. h4 a5 30. Kh3 Ra8 31. Ra1 a4 32. b4 b5 0-1

[Event "Olimpiada Calviá 2004"]
[Site "Calviá ESP"]
[Date "2004.10.25"]
[Round "10.51"]
[White "Moussa, Alaa-Eddine"]
[Black "Fulton, Anthony"]
[Result "1-0"]
[WhiteElo "2188"]
[BlackElo "2203"]
[PlyCount "47"]
[EventDate "2004.10.15"]
[EventType "team"]
[EventRounds "14"]
[EventCountry "ESP"]
[Source "lmi"]
[SourceDate "2004.10.27"]

1. d4 Nf6 2. c4 c5 3. d5 b5 4. cxb5 a6 5. Nc3 axb5 6. e4 b4 7. Nb5 d6 8. Bf4
Nfd7 9. Nf3 f6 10. Bd3 g6 11. O-O Bg7 12. Qd2 Ne5 13. Nxe5 fxe5 14. Bh6 O-O 15.
Bxg7 Kxg7 16. f4 exf4 17. Rxf4 Rxf4 18. Qxf4 Qf8 19. Qd2 Kg8 20. Nc7 Ra7 21.
Rf1 Qg7 22. Ne8 Qd4+ 23. Kh1 Rxa2 24. Qf4 1-0

[Event "Olimpiada Calviá 2004"]
[Site "Calviá ESP"]
[Date "2004.10.25"]
[Round "10.51"]
[White "Wojciechowski, Paul"]
[Black "Kayle, Charles"]
[Result "1/2-1/2"]
[WhiteElo "2146"]
[BlackElo "2036"]
[PlyCount "24"]
[EventDate "2004.10.15"]
[EventType "team"]
[EventRounds "14"]
[EventCountry "ESP"]
[Source "lmi"]
[SourceDate "2004.10.27"]

1. e4 c5 2. Nf3 e6 3. d4 cxd4 4. Nxd4 Nf6 5. Bd3 a6 6. Nc3 d6 7. O-O Be7 8. Qe2
O-O 9. a4 Nc6 10. Nb3 b6 11. f4 Qc7 12. Be3 Bb7 1/2-1/2

[Event "Olimpiada Calviá 2004"]
[Site "Calviá ESP"]
[Date "2004.10.25"]
[Round "10.52"]
[White "Papatryfonos, Constantinos"]
[Black "Bibby, Simon"]
[Result "0-1"]
[WhiteElo "2123"]
[BlackElo "2229"]
[PlyCount "46"]
[EventDate "2004.10.15"]
[EventType "team"]
[EventRounds "14"]
[EventCountry "ESP"]
[Source "lmi"]
[SourceDate "2004.10.27"]

1. d4 c5 2. dxc5 Nf6 3. b4 a5 4. b5 e6 5. Qd4 b6 6. cxb6 d5 7. Ba3 Bxa3 8. Nxa3
Qe7 9. Qc3 O-O 10. f3 d4 11. Qd3 e5 12. Nc4 Rd8 13. g3 Nbd7 14. Qa3 Nc5 15. Bg2
Be6 16. Nxe5 Bd5 17. Nc6 Bxc6 18. bxc6 d3 19. c7 d2+ 20. Kd1 Nce4 21. fxe4 Qxa3
22. cxd8=Q+ Rxd8 23. Nf3 Qb2 0-1

[Event "Olimpiada Calviá 2004"]
[Site "Calviá ESP"]
[Date "2004.10.25"]
[Round "10.52"]
[White "Kato, Takeshi"]
[Black "Kyriakidis, Thrasos"]
[Result "1-0"]
[WhiteElo "2045"]
[BlackElo "2157"]
[PlyCount "111"]
[EventDate "2004.10.15"]
[EventType "team"]
[EventRounds "14"]
[EventCountry "ESP"]
[Source "lmi"]
[SourceDate "2004.10.27"]

1. e4 e6 2. d4 d5 3. e5 c5 4. c3 Nc6 5. Nf3 Qb6 6. Qb3 Qxb3 7. axb3 cxd4 8.
cxd4 f6 9. Bd2 fxe5 10. dxe5 Bc5 11. Na3 Nge7 12. Nc2 Ng6 13. Bb5 O-O 14. Bxc6
bxc6 15. O-O Bd7 16. b4 Bb6 17. Ra3 c5 18. bxc5 Bxc5 19. Rc3 Bb6 20. Be3 Bxe3
21. fxe3 Rfc8 22. Rxc8+ Rxc8 23. Ncd4 a5 24. b3 h6 25. Ra1 Rc5 26. Kf2 Kf7 27.
Ke1 Ke8 28. Kd2 Kd8 29. Rc1 Rxc1 30. Kxc1 Kc7 31. Kd2 Kb6 32. Kc3 Kc5 33. g3
Bc8 34. h4 Ne7 35. Ne1 Nc6 36. Nd3+ Kb6 37. Nxc6 Kxc6 38. Kd4 Kb5 39. Kc3 Kc6
40. Nf4 Kc5 41. Nh5 g5 42. hxg5 hxg5 43. Nf6 Ba6 44. Nh7 g4 45. Nf6 Be2 46.
Nd7+ Kc6 47. Nf8 d4+ 48. exd4 Kd5 49. Ng6 Ke4 50. Nf4 Bb5 51. Nxe6 Bc6 52. Nf4
Kf3 53. d5 Bb7 54. e6 Kxg3 55. d6 Kxf4 56. d7 1-0

[Event "Olimpiada Calviá 2004"]
[Site "Calviá ESP"]
[Date "2004.10.25"]
[Round "10.52"]
[White "Theocharides, Constantinos"]
[Black "Hayashi, Kenji"]
[Result "1-0"]
[WhiteElo "2115"]
[BlackElo "2056"]
[PlyCount "99"]
[EventDate "2004.10.15"]
[EventType "team"]
[EventRounds "14"]
[EventCountry "ESP"]
[Source "lmi"]
[SourceDate "2004.10.27"]

1. e4 c5 2. Nc3 Nc6 3. g3 e6 4. Bg2 Nf6 5. d3 d5 6. Bd2 Be7 7. f4 d4 8. Nce2
O-O 9. h3 b5 10. Nf3 Qb6 11. g4 c4 12. O-O Bb7 13. Be1 Rfd8 14. Bf2 Bc5 15. Ng3
a5 16. f5 e5 17. g5 Ne8 18. g6 hxg6 19. fxg6 fxg6 20. Ng5 Ne7 21. Qg4 Nf6 22.
Qh4 Rf8 23. Be1 Nh5 24. Bf3 Rf4 25. Bg4 Rxf1+ 26. Nxf1 Bc8 27. Ng3 c3 28. b3
Qf6 29. Bf2 Bxg4 30. hxg4 Rf8 31. Rf1 Qf4 32. Nxh5 gxh5 33. Ne6 Ng6 34. Qxh5
Qf6 35. Nxf8 Nf4 36. Qh7+ Kxf8 37. Bg3 Bd6 38. Bxf4 exf4 39. Qf5 Ke7 40. g5 Qe6
41. Qxe6+ Kxe6 42. Kf2 Be7 43. Rg1 Bd6 44. Kf3 b4 45. Rh1 Kf7 46. Kg4 Kg6 47.
Rf1 Kf7 48. Rf3 Ke6 49. Rh3 Kf7 50. Rh8 1-0

[Event "Olimpiada Calviá 2004"]
[Site "Calviá ESP"]
[Date "2004.10.25"]
[Round "10.52"]
[White "Yamagishi, Tomohiko"]
[Black "Antoniou, Antonis"]
[Result "0-1"]
[WhiteElo "2087"]
[BlackElo "2211"]
[PlyCount "92"]
[EventDate "2004.10.15"]
[EventType "team"]
[EventRounds "14"]
[EventCountry "ESP"]
[Source "lmi"]
[SourceDate "2004.10.27"]

1. f4 Nf6 2. Nf3 g6 3. b3 Bg7 4. Bb2 O-O 5. e3 d6 6. Be2 Nc6 7. O-O e5 8. fxe5
Ng4 9. c4 Ngxe5 10. Nxe5 dxe5 11. Qc1 Bf5 12. Qc3 Qd7 13. Na3 Rad8 14. Rad1
Rfe8 15. d3 Qe7 16. Nc2 Nd4 17. Qd2 Nxe2+ 18. Qxe2 Bxd3 19. Rxd3 Rxd3 20. Qxd3
e4 21. Qd5 c6 22. Ba3 cxd5 23. Bxe7 Rxe7 24. cxd5 Rc7 25. Na3 a6 26. Nc4 b5 27.
Na5 Bh6 28. Rd1 Bxe3+ 29. Kf1 Rc2 30. d6 Bb6 31. Nb7 Rf2+ 32. Ke1 Rxg2 33. d7
Rc2 34. d8=Q+ Bxd8 35. Rxd8+ Kg7 36. Rd2 Rc7 37. Nd6 Re7 38. Ke2 f5 39. Ke3 Kf6
40. h4 Ke5 41. Nc8 f4+ 42. Ke2 Rc7 43. Nb6 f3+ 44. Kf2 Rc6 45. Nd7+ Kf4 46. Rd4
Rc2+ 0-1

[Event "Olimpiada Calviá 2004"]
[Site "Calviá ESP"]
[Date "2004.10.25"]
[Round "10.53"]
[White "Phillips, Roy"]
[Black "Van Hoolandt, Patrick"]
[Result "1/2-1/2"]
[WhiteElo "2229"]
[BlackElo "2269"]
[PlyCount "135"]
[EventDate "2004.10.15"]
[EventType "team"]
[EventRounds "14"]
[EventCountry "ESP"]
[Source "lmi"]
[SourceDate "2004.10.27"]

1. Nf3 Nf6 2. d4 e6 3. e3 b6 4. Bd3 Bb7 5. O-O d5 6. c4 dxc4 7. Bxc4 Be7 8. Qe2
O-O 9. Rd1 Qc8 10. Nc3 c5 11. e4 cxd4 12. Nxd4 Nbd7 13. Bf4 Re8 14. e5 Nd5 15.
Nxd5 exd5 16. Bb5 Bc5 17. Rac1 a6 18. Ba4 Qd8 19. Rc3 b5 20. Bc2 g6 21. Rh3
Bxd4 22. Rxd4 Rc8 23. Bb3 Nc5 24. Rd1 Nxb3 25. axb3 d4 26. Rhd3 Qd5 27. f3 f6
28. Rxd4 Qxb3 29. Rd7 Bc6 30. R7d3 Qc4 31. Qe3 b4 32. Rd6 fxe5 33. Bxe5 Ba4 34.
Re1 Qc5 35. Qxc5 Rxc5 36. f4 Bc6 37. Re2 a5 38. Rd4 b3 39. Red2 a4 40. Bd6 Rc1+
41. Kf2 Bb5 42. Bb4 Rf1+ 43. Kg3 Rc1 44. Rd5 Bc6 45. Rc5 Re3+ 46. Kf2 Rxc5 47.
Bxc5 Re4 48. Rd4 a3 49. Rd8+ Kf7 50. Rf8+ Kg7 51. Bxa3 Rc4 52. g4 Rc2+ 53. Kg3
Rg2+ 54. Kh3 Rxb2 55. Bxb2+ Kxf8 56. Kh4 Be4 57. Kg5 Kf7 58. Kh6 Bd3 59. Kxh7
Be2 60. h3 Bf1 61. h4 Be2 62. f5 gxf5 63. gxf5 Bg4 64. f6 Bf5+ 65. Kh6 Bc2 66.
h5 Bd1 67. Kg5 Bc2 68. h6 1/2-1/2

[Event "Olimpiada Calviá 2004"]
[Site "Calviá ESP"]
[Date "2004.10.25"]
[Round "10.53"]
[White "Gentilleau, Jean-Philippe"]
[Black "Li Ying, Patrick"]
[Result "1/2-1/2"]
[WhiteElo "2256"]
[BlackElo "2200"]
[PlyCount "56"]
[EventDate "2004.10.15"]
[EventType "team"]
[EventRounds "14"]
[EventCountry "ESP"]
[Source "lmi"]
[SourceDate "2004.10.27"]

1. e4 e6 2. d4 d5 3. Nd2 Nf6 4. e5 Nfd7 5. Bd3 c5 6. c3 Nc6 7. Ne2 cxd4 8. cxd4
Qb6 9. Nf3 f6 10. exf6 Nxf6 11. O-O Bd6 12. b3 O-O 13. Nc3 e5 14. dxe5 Nxe5 15.
Be2 Nxf3+ 16. Bxf3 Bxh2+ 17. Kxh2 Qc7+ 18. Kg1 Qxc3 19. Bxd5+ Kh8 20. Bg5 Nxd5
21. Qxd5 h6 22. Bh4 Qb4 23. Bg3 Re8 24. Rac1 Be6 25. Qh5 Rac8 26. Be5 Kh7 27.
Bb2 Qe4 28. Rce1 Qf5 1/2-1/2

[Event "Olimpiada Calviá 2004"]
[Site "Calviá ESP"]
[Date "2004.10.25"]
[Round "10.53"]
[White "Chinasamy, Devarajen"]
[Black "Calabrese, Antonino"]
[Result "1-0"]
[WhiteElo "2200"]
[BlackElo "2038"]
[PlyCount "101"]
[EventDate "2004.10.15"]
[EventType "team"]
[EventRounds "14"]
[EventCountry "ESP"]
[Source "lmi"]
[SourceDate "2004.10.27"]

1. e4 e5 2. Nf3 d6 3. d4 Nf6 4. Nc3 Nbd7 5. Be2 Be7 6. O-O O-O 7. h3 c6 8. a4
b6 9. b3 a6 10. Bb2 Qc7 11. Bd3 Re8 12. Ne2 Bf8 13. Ng3 g6 14. Re1 Bg7 15. Qd2
Bb7 16. Rad1 Rad8 17. Qe2 a5 18. Qd2 exd4 19. Nxd4 Ne5 20. Bf1 d5 21. f4 Ned7
22. e5 Ne4 23. Nxe4 dxe4 24. Qe3 f5 25. Bc4+ Kh8 26. Ne6 Rxe6 27. Bxe6 Nc5 28.
Bc4 Ba6 29. Qe2 Bc8 30. Rd2 Ne6 31. g3 Re8 32. Red1 g5 33. Bxe6 Bxe6 34. Qh5
Rg8 35. Qxg5 Qf7 36. Rd8 Bf8 37. Qf6+ Qxf6 38. exf6 Bf7 39. Kh2 h5 40. R1d7 Bc5
41. Kg2 Rxd8 42. Rxd8+ Kh7 43. Kf1 h4 44. gxh4 e3 45. Rd7 Kg8 46. Bc3 Bh5 47.
Rg7+ Kf8 48. Rg5 Bf3 49. h5 Bd5 50. h6 Bg8 51. Rg7 1-0

[Event "Olimpiada Calviá 2004"]
[Site "Calviá ESP"]
[Date "2004.10.25"]
[Round "10.54"]
[White "Kawuma, Steven Male"]
[Black "Matthews, Shane"]
[Result "0-1"]
[WhiteElo "2141"]
[BlackElo "2251"]
[PlyCount "122"]
[EventDate "2004.10.15"]
[EventType "team"]
[EventRounds "14"]
[EventCountry "ESP"]
[Source "lmi"]
[SourceDate "2004.10.27"]

1. e4 c5 2. Nf3 e6 3. d4 cxd4 4. Nxd4 a6 5. Nc3 b5 6. a3 Bb7 7. g3 d6 8. Bg2
Nd7 9. O-O Ngf6 10. f4 Rc8 11. Be3 Qc7 12. Qe2 Be7 13. Rae1 O-O 14. Kh1 Rfd8
15. Bg1 Qc4 16. Qf2 Nc5 17. h3 d5 18. e5 Nfe4 19. Nxe4 Nxe4 20. Qe3 a5 21. h4
b4 22. axb4 axb4 23. f5 Bc5 24. fxe6 fxe6 25. Rd1 Bxd4 26. Rxd4 Qxc2 27. Rfd1
Rf8 28. Bh3 Rce8 29. Bg2 Nf2+ 30. Bxf2 Rxf2 31. R1d2 Rxd2 32. Rxd2 Qc1+ 33. Kh2
Rf8 34. Qd4 b3 35. Bh3 Bc8 36. Bg2 h6 37. Re2 Ba6 38. Rd2 Bf1 39. Bh1 Qb1 40.
Qb6 Qf5 41. Qe3 Qh3+ 42. Kg1 Bc4 43. Bg2 Qf5 44. Qd4 Qg6 45. Kh2 Bf1 46. Bh1
Qf5 47. Qe3 Bc4 48. Bg2 Kh8 49. Kg1 Qb1+ 50. Kh2 Qc1 51. Qd4 Rf5 52. Rd1 Qc2
53. Rd2 Qb1 54. Bh3 Rf3 55. Bg2 Rd3 56. Rxd3 Bxd3 57. Qc5 Qxb2 58. Qc8+ Kh7 59.
Qxe6 Be4 60. Kh3 Bxg2+ 61. Kh2 Bf3+ 0-1

[Event "Olimpiada Calviá 2004"]
[Site "Calviá ESP"]
[Date "2004.10.25"]
[Round "10.55"]
[White "Mannhart, Marcel"]
[Black "Njobvu, Ignatius"]
[Result "0-1"]
[WhiteElo "2191"]
[BlackElo "2201"]
[PlyCount "136"]
[EventDate "2004.10.15"]
[EventType "team"]
[EventRounds "14"]
[EventCountry "ESP"]
[Source "lmi"]
[SourceDate "2004.10.27"]

1. Nc3 d5 2. e4 dxe4 3. Nxe4 Nf6 4. Nxf6+ exf6 5. Qf3 Bd6 6. Bc4 Nc6 7. Qe3+
Ne7 8. Ne2 O-O 9. O-O Nf5 10. Qb3 c5 11. c3 Rb8 12. a4 a6 13. a5 Bc7 14. Qa2
Qd6 15. g3 Nh4 16. d4 Bh3 17. Rd1 Nf3+ 18. Kh1 Rbd8 19. Bf4 Qe7 20. Qb1 cxd4
21. cxd4 Bg4 22. Be3 Qd7 23. Bd3 Ng5 24. Bxg5 fxg5 25. Rd2 Bf3+ 26. Kg1 Qh3 27.
Qf1 Qe6 28. Ra3 g4 29. Qb1 Qh6 30. Rc2 Bd6 31. Ra1 Rfe8 32. Qf1 Qf6 33. Nc3
Qxd4 34. Be2 Be5 35. Bxf3 gxf3 36. Re1 Bc7 37. Rcc1 Bxa5 38. Rcd1 Rxe1 39. Qxe1
Qxd1 40. Qxd1 Rxd1+ 41. Nxd1 f5 42. Ne3 g6 43. Nc4 Bd8 44. Nd2 Bf6 45. b3 b5
46. Nxf3 a5 47. Ne1 a4 48. bxa4 bxa4 49. Nc2 Kf7 50. Kf1 Ke6 51. Ke2 Kd5 52.
Kd3 Kc5 53. f3 Bb2 54. Ne3 a3 55. Kc2 Bd4 56. Nf1 a2 57. Nd2 a1=Q 58. Nb3+ Kd5
59. Nxa1 Bxa1 60. Kd3 Be5 61. Ke3 Kc4 62. f4 Bd4+ 63. Ke2 Bg1 64. h3 Kd4 65.
Kf3 h5 66. Kg2 Be3 67. Kf3 Bc1 68. g4 h4 0-1

[Event "Olimpiada Calviá 2004"]
[Site "Calviá ESP"]
[Date "2004.10.25"]
[Round "10.55"]
[White "Khetho, Phemelo"]
[Black "Frick, Renato"]
[Result "1-0"]
[WhiteElo "2238"]
[BlackElo "2151"]
[PlyCount "55"]
[EventDate "2004.10.15"]
[EventType "team"]
[EventRounds "14"]
[EventCountry "ESP"]
[Source "lmi"]
[SourceDate "2004.10.27"]

1. e4 c5 2. Nf3 d6 3. d4 cxd4 4. Nxd4 Nf6 5. Nc3 Nc6 6. Bg5 e6 7. Qd2 Be7 8.
O-O-O Qa5 9. Bxf6 gxf6 10. Ndb5 O-O 11. Qh6 Ne5 12. f4 Ng6 13. Rd3 Rd8 14. Rh3
a6 15. Nd4 Qc5 16. Qxh7+ Kf8 17. Nxe6+ Bxe6 18. f5 Bxf5 19. exf5 Qxf5 20. Kb1
Ke8 21. Bd3 Qg5 22. Rg3 Nf8 23. Qe4 Qc5 24. Nd5 Ne6 25. Re1 Rab8 26. b4 Qc6 27.
Qf5 Qa4 28. Rg8+ 1-0

[Event "Olimpiada Calviá 2004"]
[Site "Calviá ESP"]
[Date "2004.10.25"]
[Round "10.55"]
[White "Guller, Andras"]
[Black "Hosiah, Olebogeng"]
[Result "1/2-1/2"]
[WhiteElo "2110"]
[BlackElo "2124"]
[PlyCount "75"]
[EventDate "2004.10.15"]
[EventType "team"]
[EventRounds "14"]
[EventCountry "ESP"]
[Source "lmi"]
[SourceDate "2004.10.27"]

1. e4 c5 2. Nf3 d6 3. d4 cxd4 4. Qxd4 a6 5. c4 Nc6 6. Qd2 g6 7. b3 Bg7 8. Bb2
Nf6 9. Nc3 O-O 10. Bd3 Qa5 11. a3 Bg4 12. b4 Qc7 13. Be2 Bxf3 14. gxf3 Ne5 15.
Rc1 e6 16. Nd1 Rac8 17. Qc3 Ned7 18. Qe3 a5 19. f4 axb4 20. axb4 Qc6 21. Bf3
Qa4 22. O-O Rc7 23. Ra1 Qxb4 24. Ba3 Qa5 25. Bxd6 Qxa1 26. Bxc7 Rc8 27. Bd6
Rxc4 28. e5 Ne8 29. Qb3 Nxd6 30. exd6 Rd4 31. Qxb7 Rxd6 32. Qc8+ Bf8 33. Nc3
Qb2 34. Ne4 Rd3 35. Bg2 Nf6 36. Ng5 h6 37. Nf3 Kg7 38. Ne5 1/2-1/2

[Event "Olimpiada Calviá 2004"]
[Site "Calviá ESP"]
[Date "2004.10.25"]
[Round "10.55"]
[White "Boikhutswane, Kenneth"]
[Black "Ferster, Fabian"]
[Result "0-1"]
[WhiteElo "2125"]
[BlackElo "2025"]
[PlyCount "62"]
[EventDate "2004.10.15"]
[EventType "team"]
[EventRounds "14"]
[EventCountry "ESP"]
[Source "lmi"]
[SourceDate "2004.10.27"]

1. d4 d5 2. Nf3 Nc6 3. Bf4 Bg4 4. c4 e6 5. cxd5 exd5 6. Nc3 Nf6 7. a3 a6 8. e3
Be7 9. h3 Bh5 10. Bd3 O-O 11. Qc2 Re8 12. Ne5 Bd6 13. g4 Bg6 14. Nxg6 hxg6 15.
Bxd6 Qxd6 16. O-O-O b5 17. g5 Nd7 18. Ne2 b4 19. a4 b3 20. Qc3 Rab8 21. Kd2 Nb4
22. Bb1 Nb6 23. Rc1 Nc4+ 24. Kd1 Na2 25. Bxa2 bxa2 26. b3 Qa3 27. bxc4 Rb3 28.
Qa1 Reb8 29. Nc3 Rxc3 30. Rxc3 Qxc3 31. Qxc3 Rb1+ 0-1

[Event "Olimpiada Calviá 2004"]
[Site "Calviá ESP"]
[Date "2004.10.25"]
[Round "10.56"]
[White "Pace, Colin"]
[Black "Eichab, Charles"]
[Result "1-0"]
[WhiteElo "2145"]
[BlackElo "2200"]
[PlyCount "51"]
[EventDate "2004.10.15"]
[EventType "team"]
[EventRounds "14"]
[EventCountry "ESP"]
[Source "lmi"]
[SourceDate "2004.10.27"]

1. e4 c5 2. Nf3 d6 3. d4 cxd4 4. Nxd4 Nf6 5. Nc3 g6 6. Be2 Bg7 7. Nb3 O-O 8.
O-O Nc6 9. Re1 Be6 10. Bf1 Rc8 11. Bg5 a6 12. Nd5 b5 13. a4 Rb8 14. axb5 axb5
15. c3 Ne5 16. Ra7 Bd7 17. Bxf6 exf6 18. Nd4 Re8 19. Qb3 Nc6 20. Nxc6 Bxc6 21.
Nb4 Bb7 22. Bxb5 Re5 23. Nc6 Qb6 24. Nxe5 Qxa7 25. Qxf7+ Kh8 26. Nc6 1-0

[Event "Olimpiada Calviá 2004"]
[Site "Calviá ESP"]
[Date "2004.10.25"]
[Round "10.56"]
[White "Mueller, Leonhard"]
[Black "Borg, Andrew"]
[Result "1-0"]
[WhiteElo "2213"]
[BlackElo "2125"]
[PlyCount "123"]
[EventDate "2004.10.15"]
[EventType "team"]
[EventRounds "14"]
[EventCountry "ESP"]
[Source "lmi"]
[SourceDate "2004.10.27"]

1. d4 d5 2. c4 e6 3. Nf3 c6 4. Qc2 Nf6 5. Bg5 Nbd7 6. e3 Qa5+ 7. Nbd2 Ne4 8.
Bf4 Bb4 9. a3 f5 10. Rd1 Bxd2+ 11. Nxd2 Ndf6 12. f3 Nxd2 13. Rxd2 O-O 14. Bd3
dxc4 15. Bxc4 Nd5 16. O-O Nxf4 17. exf4 Qc7 18. g3 Bd7 19. Re1 Rf6 20. Re5 g6
21. Qc3 Kf7 22. Ba2 Qb6 23. Qe3 h5 24. h3 Rd8 25. g4 hxg4 26. hxg4 fxg4 27.
fxg4 Re8 28. Rf2 Kg7 29. g5 Rf7 30. Bb1 Rg8 31. Rh2 Kf8 32. Ba2 Qc7 33. Rh4 Re7
34. Bxe6 Bxe6 35. Rxe6 Qd7 36. Rxe7 Qxe7 37. Qxe7+ Kxe7 38. Rh7+ Kd6 39. Rxb7
Rf8 40. Rg7 Rxf4 41. Rxg6+ Kd5 42. Kg2 Rxd4 43. Kf3 Rd2 44. Rf6 Rxb2 45. g6 Rb8
46. Rf7 a5 47. g7 Rg8 48. Ke3 Kc4 49. Kd2 Kb3 50. Rf3+ Kb2 51. Rg3 c5 52. Kd3
Kb3 53. Ke4+ Kc4 54. Ke5 a4 55. Kf6 Kd4 56. Rg4+ Kc3 57. Rxa4 Kb3 58. Ra5 c4
59. Kf7 Rc8 60. g8=Q Rxg8 61. Kxg8 c3 62. Rc5 1-0

[Event "Olimpiada Calviá 2004"]
[Site "Calviá ESP"]
[Date "2004.10.25"]
[Round "10.56"]
[White "Vella, Duncan"]
[Black "Nakapunda, Otto"]
[Result "1/2-1/2"]
[WhiteElo "2167"]
[BlackElo "2129"]
[PlyCount "41"]
[EventDate "2004.10.15"]
[EventType "team"]
[EventRounds "14"]
[EventCountry "ESP"]
[Source "lmi"]
[SourceDate "2004.10.27"]

1. e4 c6 2. d4 d5 3. Nc3 dxe4 4. Nxe4 Nd7 5. Nf3 Ngf6 6. Ng3 e6 7. Bd3 Bd6 8.
O-O O-O 9. Qe2 Qc7 10. Re1 c5 11. dxc5 Nxc5 12. Bc4 a6 13. a4 Bd7 14. a5 Bc6
15. Nd4 Bd5 16. Bxd5 Nxd5 17. Bd2 Nf6 18. Bc3 Nd5 19. Bd2 Nf6 20. Bc3 Nd5 21.
Bd2 1/2-1/2

[Event "Olimpiada Calviá 2004"]
[Site "Calviá ESP"]
[Date "2004.10.25"]
[Round "10.57"]
[White "Fancy, Stuart"]
[Black "Olape, Bunmi"]
[Result "1/2-1/2"]
[WhiteElo "2195"]
[BlackElo "2304"]
[PlyCount "90"]
[EventDate "2004.10.15"]
[EventType "team"]
[EventRounds "14"]
[EventCountry "ESP"]
[Source "lmi"]
[SourceDate "2004.10.27"]

1. e4 e5 2. Nc3 Nf6 3. a3 Bc5 4. Nf3 Nc6 5. b4 Bb6 6. Bc4 O-O 7. d3 d6 8. h3 h6
9. Na4 Ne7 10. O-O Ng6 11. Qe2 Nh5 12. Nxb6 Nhf4 13. Bxf4 Nxf4 14. Qe3 axb6 15.
Kh2 Kh8 16. Ng1 f5 17. g3 Ng6 18. exf5 Bxf5 19. Bd5 c6 20. Bg2 b5 21. c4 bxc4
22. dxc4 Qc7 23. Ne2 Rae8 24. Nc3 Qf7 25. Ne4 Rd8 26. c5 d5 27. Nd6 Qe7 28. b5
Be6 29. f4 exf4 30. gxf4 Qd7 31. Rab1 cxb5 32. Rxb5 Rb8 33. Rxb7 Rxb7 34. Nxb7
Bxh3 35. Bxh3 Qxb7 36. f5 Qb2+ 37. Bg2 Nh4 38. Rf2 Nxg2 39. Kxg2 Qf6 40. Qd3
Qg5+ 41. Qg3 Rxf5 42. Rxf5 Qxf5 43. Qd6 Qe4+ 44. Kg3 Qe3+ 45. Kg4 Qe4+ 1/2-1/2

[Event "Olimpiada Calviá 2004"]
[Site "Calviá ESP"]
[Date "2004.10.25"]
[Round "10.58"]
[White "Asefi, Zahiruddin"]
[Black "Kumar, Manoj"]
[Result "1-0"]
[WhiteElo "2064"]
[BlackElo "2036"]
[PlyCount "57"]
[EventDate "2004.10.15"]
[EventType "team"]
[EventRounds "14"]
[EventCountry "ESP"]
[Source "lmi"]
[SourceDate "2004.10.27"]

1. d4 Nf6 2. Nf3 e6 3. c4 d5 4. Nc3 Be7 5. Bg5 O-O 6. e3 c6 7. Rc1 Nbd7 8. a3
a5 9. h3 h6 10. Bf4 dxc4 11. Bxc4 b5 12. Ba2 c5 13. d5 exd5 14. Bxd5 Ra7 15.
O-O Nb6 16. Ba2 Rd7 17. Qc2 Bb7 18. e4 Qa8 19. Ne5 Nxe4 20. Nxd7 Nxd7 21. f3
Nxc3 22. Qxc3 Bf6 23. Qc2 Bd4+ 24. Kh1 Nf6 25. Rcd1 Kh8 26. b4 Qa7 27. Bd6 Rc8
28. bxc5 Bxc5 29. Bxc5 1-0

[Event "Olimpiada Calviá 2004"]
[Site "Calviá ESP"]
[Date "2004.10.25"]
[Round "10.59"]
[White "Ateka, Nathan"]
[Black "Dekker, Marvin"]
[Result "1-0"]
[WhiteElo "2138"]
[BlackElo "2133"]
[PlyCount "59"]
[EventDate "2004.10.15"]
[EventType "team"]
[EventRounds "14"]
[EventCountry "ESP"]
[Source "lmi"]
[SourceDate "2004.10.27"]

1. e4 Nf6 2. e5 Nd5 3. d4 d6 4. c4 Nb6 5. exd6 cxd6 6. Nf3 g6 7. Nc3 Bg7 8. Be3
O-O 9. Be2 Bg4 10. h3 Bxf3 11. Bxf3 Nc6 12. b3 e5 13. dxe5 Nxe5 14. Rc1 f5 15.
Bxb7 Rb8 16. Bd5+ Nxd5 17. Qxd5+ Kh8 18. O-O f4 19. Bxa7 f3 20. Be3 Qh4 21. Ne4
fxg2 22. Kxg2 Rf3 23. Ng3 Rbf8 24. Rcd1 g5 25. Rd4 g4 26. Rh1 Rxe3 27. fxe3 Rf3
28. Qa8+ Bf8 29. Rxg4 Qf6 30. Rf4 1-0

[Event "Olimpiada Calviá 2004"]
[Site "Calviá ESP"]
[Date "2004.10.25"]
[Round "10.59"]
[White "Mukabi, John"]
[Black "Martis, Valentino"]
[Result "1/2-1/2"]
[WhiteElo "2105"]
[BlackElo "2019"]
[PlyCount "75"]
[EventDate "2004.10.15"]
[EventType "team"]
[EventRounds "14"]
[EventCountry "ESP"]
[Source "lmi"]
[SourceDate "2004.10.27"]

1. c4 Nf6 2. Nc3 g6 3. Nf3 Bg7 4. g3 O-O 5. Bg2 d6 6. d4 Nc6 7. O-O a6 8. h3
Rb8 9. a4 e5 10. e3 exd4 11. exd4 Nb4 12. Bf4 Bf5 13. Ne1 h5 14. a5 Qd7 15. Kh2
Rbe8 16. Be3 Nc6 17. Nd3 Nh7 18. d5 Ne5 19. Nxe5 Bxe5 20. Bh6 Bg7 21. Bxg7 Kxg7
22. Qd4+ f6 23. Qa7 Bd3 24. Rfe1 Rb8 25. Qd4 Bf5 26. Re3 Ng5 27. Rae1 Rbe8 28.
f4 Rxe3 29. Qxe3 Nf7 30. Qe7 Rd8 31. Qe3 Kf8 32. Qd4 Kg7 33. Qa7 Qc8 34. Qe3
Qd7 35. b4 Kf8 36. Qd4 Kg7 37. Re3 Re8 38. Qd2 1/2-1/2